Narraciones árabes del siglo XX / (Record no. 111649)

MARC details
000 -LEADER
campo de control de longitud fija 00551nam a2200169 4500
001 - NÚMERO DE CONTROL
campo de control 111649
003 - IDENTIFICADOR DE NÚMERO DE CONTROL
campo de control ES-MaACL
005 - FECHA Y HORA DE LA ÚLTIMA TRANSACCIÓN
campo de control 20230906185334.0
007 - CAMPO FIJO DE DESCRIPCIÓN FÍSICA--INFORMACIÓN GENERAL
campo de control de longitud fija t|
008 - DATOS DE LONGITUD FIJA--INFORMACIÓN GENERAL
campo de control de longitud fija 061121s1969 sp r ||||1| spa d
245 00 - MENCIÓN DEL TÍTULO
Título Narraciones árabes del siglo XX /
Mención de responsabilidad, etc. selección, traducción y notas de María Jesús Viguera y Marcelino Villegas.
260 ## - PUBLICACIÓN, DISTRIBUCIÓN, ETC.
Lugar de publicación, distribución, etc. Madrdi :
Nombre del editor, distribuidor, etc. E:M:E:S:A:,
Fecha de publicación, distribución, etc. 1969.
300 ## - DESCRIPCIÓN FÍSICA
Extensión 169 p. ;
Dimensiones 18 cm.
700 0# - ENTRADA AGREGADA--NOMBRE PERSONAL
Nombre de persona Viguera Molins, María Jesús.
9 (RLIN) 114676
700 1# - ENTRADA AGREGADA--NOMBRE PERSONAL
Nombre de persona Villegas, Marcelino.
9 (RLIN) 115209
852 ## - LOCALIZACIÓN
Ubicación ES-MaACL
Número de control de estantería C-40422
Sublocalización o colección R.72196
Holdings
Estatus retirado Estado de pérdida Estado de daño No para préstamo Biblioteca de origen Biblioteca actual Ubicación en estantería Fecha de adquisición Fuente de adquisición Total de préstamos Signatura topográfica completa Código de barras Visto por última vez Precio de reemplazo Tipo de ítem Koha
        Biblioteca del Ateneo de Madrid Biblioteca del Ateneo de Madrid Depósito 2 17/01/2008     C-40422 1116472 23/02/2023 23/02/2023 Libro impreso